000 00549nam a22001457a 4500
008 260330b ||||| |||| 00| 0 eng d
020 _a9789670159294
082 0 4 _a546.4109595
245 0 0 _aGARIS PANDUAN EKSPLORASI UNSUR NADIR BUMI : JMG.GP.20
260 _aKuala Lumpur :
_bJabatan Mineral dan Geosains Malaysia,
_c[2015?]
650 1 0 _xRare earth metals
_xHandbooks, manuals, etc.
650 2 0 _xGeochemistry
_xHandbooks, manuals, etc.
650 2 0 _xGovernment publications
_zMalaysia
942 _2ddc
_e22
_h546.4109595
999 _c27182
_d27182